Species pattern along topographic gradient in a hill dipterocarp forest

Bibliographic Details
Main Author: Mohd. Zain Hj Fitrah
Format: Book
Published: Serdang, Selangor : Universiti Pertanian Malaysia , 1997
Subjects:

MARC

LEADER 00000cam a2200000 7i4500
001 0000003849
005 20110725.0
090 0 0 |a R THE 333.75   |b MZA 1997 
100 0 0 |a Mohd. Zain Hj Fitrah 
245 0 0 |a Species pattern along topographic gradient in a hill dipterocarp forest   |c Mohd. Zain Hj Fitrah 
260 0 0 |a Serdang, Selangor :   |b Universiti Pertanian Malaysia ,   |c 1997 
300 |a xi, 69 p. :   |b .ill ;   |c 30 cm. 
500 0 0 |a Bibliography : p. 53-57 
500 0 0 |a Thesis: Bac. of Forestry Science, Universiti Pertanian Malaysia (1997) 
650 0 0 |a Hill dipterocarp forest---Ng Sembilan 
998 |a JPSM 
999 |a 006540   |b Thesis   |c Reference   |e Default branch